00523 2200181 4500001002100000005001500021035002000036245010600056100001100162250000600173300002200179260003000201082001200231084001800243020002100261008004100282990001800323INLIS00000000000084420240424015416 a0010-04210001721 aSaya Ingin mendapat UN Matematika SMP Nilai 10 :bPrediksi Soal-Soal Ujian Sekolah & UN /cMF. Atsnan0 aAtsnan aI a130 ;c20 x 28 Cm aYogjakarta :bAndi,c2013 a510.076 a510.076 ATS s a978-979-29-34588240424 0  a17.01.0000504